| 000 | 01094 a2200277 4500 | ||
|---|---|---|---|
| 003 | Nust | ||
| 005 | 20170207154025.0 | ||
| 010 | _a 00060605 | ||
| 020 | _a1565926161 | ||
| 040 | _cNust | ||
| 082 | 0 | 0 | _a005.756 |
| 100 | 1 | _aReese, George. | |
| 245 | 1 | 0 |
_aDatabase programming with JDBC and Java /(E-BOOK) _cGeorge Reese. |
| 250 | _a2nd ed. | ||
| 260 |
_aCambridge, Mass. : _bO'Reilly, _cc2000. |
||
| 300 |
_axvii, 328 p. : _bill. ; _c24 cm. |
||
| 490 | 1 | _aThe Java series | |
| 505 | _aPart I: The JDBC API (Page-7) Part II: Applied JDBC (Page-81) Part III: Reference (Page-169) | ||
| 650 | 0 | _aDatabase design. | |
| 650 | 0 | _aJava (Computer program language) | |
| 651 | _aDatabase programming with JDBC and Java /(E-BOOK) | ||
| 830 | 0 | _aJava series (O'Reilly & Associates) | |
| 856 | 4 | 2 |
_3Contributor biographical information _uhttp://www.loc.gov/catdir/enhancements/fy0912/00060605-b.html |
| 856 | 4 | 2 |
_3Publisher description _uhttp://www.loc.gov/catdir/enhancements/fy0715/00060605-d.html |
| 856 | 4 | 2 |
_3Table of contents only _uhttp://www.loc.gov/catdir/enhancements/fy1008/00060605-t.html |
| 942 |
_2ddc _cBK |
||
| 999 |
_c191872 _d191872 |
||